LEADER 02179oam 2200577 450 001 9910704087803321 005 20200817160517.0 035 $a(CKB)5470000002436773 035 $a(OCoLC)922640706 035 $a(EXLCZ)995470000002436773 100 $a20151001d2015 ua 0 101 0 $aeng 135 $aurbn||||a|||| 181 $ctxt$2rdacontent 182 $cc$2rdamedia 183 $acr$2rdacarrier 200 14$aThe administration's strategy for the Islamic State in Iraq and the Levant $eCommittee on Armed Services, House of Representatives, One Hundred Thirteenth Congress, second session, hearing held September 18, 2014 210 1$aWashington :$cU.S. Government Publishing Office,$d2015. 215 $a1 online resource (iii, 66 pages) $cportraits 300 $aTitle from title screen (viewed on Oct. 1, 2015). 300 $aPaper version available for sale by the Superintendent of Documents, U.S. Government Publishing Office. 300 $a"H.A.S.C. no. 113-126." 517 $aAdministration's strategy for the Islamic State in Iraq and the Levant 606 $aIslamic fundamentalism 606 $aTerrorism$xReligious aspects$xIslam 606 $aStrategy 606 $aTerrorism$xPrevention$xInternational cooperation 606 $aTerrorists$xRecruiting$xPrevention 606 $aMilitary assistance, American$zIraq 606 $aMilitary assistance, American$zSyria 607 $aUnited States$xMilitary policy$y21st century 608 $aLegislative hearings.$2lcgft 615 0$aIslamic fundamentalism. 615 0$aTerrorism$xReligious aspects$xIslam. 615 0$aStrategy. 615 0$aTerrorism$xPrevention$xInternational cooperation. 615 0$aTerrorists$xRecruiting$xPrevention. 615 0$aMilitary assistance, American 615 0$aMilitary assistance, American 801 0$bGPO 801 1$bGPO 801 2$bOCLCO 801 2$bGPO 801 2$bCOO 801 2$bSTF 801 2$bOCLCO 801 2$bGPO 906 $aBOOK 912 $a9910704087803321 996 $aThe administration's strategy for the Islamic State in Iraq and the Levant$93482837 997 $aUNINA LEADER 01760 am 2200469 n 450 001 9910495830503321 005 20240104030446.0 010 $a2-7535-5286-X 024 7 $a10.4000/books.pur.42821 035 $a(CKB)3710000001633445 035 $a(FrMaCLE)OB-pur-42821 035 $a(PPN)202675041 035 $a(EXLCZ)993710000001633445 100 $a20170424j|||||||| ||| 0 101 0 $afre 135 $auu||||||m|||| 200 00$aImaginaire péroniste$eEsthétique d?un discours politique (1966-1976)$fMoira Cristiá 210 $aRennes$cPresses universitaires de Rennes$d2017 215 $a1 online resource (286 p.) 311 $a2-7535-4886-2 330 $aAnimé par la volonté d?explorer la complexité d?un imaginaire prégnant dans la culture politique argentine, cet ouvrage étudie les interactions entre les acteurs sociaux, le pouvoir en place et le champ de la création visuelle au cours d?une période particulièrement agitée de l?histoire de l?Amérique latine. Il questionne les usages politiques de l?image et leur rapport aux sensibilités sociales en Argentine au cours d?une décennie encadrée par deux coups d?État. 606 $aHistory 606 $aillustration 606 $aimage 606 $apéronisme 606 $aArgentine 606 $apolitique 606 $agouvernement 615 4$aHistory 615 4$aillustration 615 4$aimage 615 4$apéronisme 615 4$aArgentine 615 4$apolitique 615 4$agouvernement 700 $aCristiá$b Moira$01300724 701 $aCapdevila$b Luc$0927633 801 0$bFR-FrMaCLE 906 $aBOOK 912 $a9910495830503321 996 $aImaginaire péroniste$93657570 997 $aUNINA